|
|
|
|
| LEADER |
01580nam a22002777a 4500 |
| 001 |
39660 |
| 003 |
BD-DhAAL |
| 008 |
220922t2021 enka 001|0|eng d |
| 999 |
|
|
|c 44562
|d 44562
|
| 020 |
|
|
|a 9781838987312 (pbk.)
|
| 040 |
|
|
|a BD-DhAAL
|c BD-DhAAL
|
| 082 |
|
|
|a 006.35
|2 23
|
| 100 |
|
|
|a Antić, Zhenya,
|d author.
|9 51531
|
| 245 |
|
|
|a Python natural language processing cookbook :
|b over 50 recipes to understand, analyze, and generate text for implementing language processing tasks /
|c Zhenya Antic.
|
| 260 |
|
|
|a Birmingham :
|b Packt Publishing,
|c 2021.
|
| 300 |
|
|
|a xi, 267 pages :
|b illustrations ;
|c 24 cm.
|
| 500 |
|
|
|a Includes index.
|
| 526 |
|
|
|a CSE
|
| 541 |
|
|
|a Book Finder International
|e 39660, 39661, 39662
|
| 650 |
|
|
|a Natural language processing (Computer science).
|9 51532
|
| 650 |
|
|
|a Python (Computer program language).
|9 51533
|
| 852 |
|
|
|a Ayesha Abed Library
|c General Stacks
|
| 942 |
|
|
|2 ddc
|c BK
|
| 952 |
|
|
|0 0
|1 0
|2 ddc
|4 0
|6 006_350000000000000_ANT
|7 0
|9 71803
|a BRACUL
|b BRACUL
|c GEN
|d 2022-09-11
|e Book Finder International
|g 3222.14
|l 3
|m 37
|o 006.35 ANT
|p 3010039660
|q 2025-12-17
|r 2023-08-09
|s 2023-08-09
|t 1
|v 3222.14
|w 2022-09-11
|y BK
|
| 952 |
|
|
|0 0
|1 0
|2 ddc
|4 0
|6 006_350000000000000_ANT
|7 0
|9 71804
|a BRACUL
|b BRACUL
|c GEN
|d 2022-09-11
|e Book Finder International
|g 3222.14
|l 3
|m 15
|o 006.35 ANT
|p 3010039661
|q 2026-07-19
|r 2025-07-20
|s 2025-07-20
|t 2
|v 3222.14
|w 2022-09-11
|y BK
|
| 952 |
|
|
|0 0
|1 0
|2 ddc
|4 0
|6 006_350000000000000_ANT
|7 0
|9 71805
|a BRACUL
|b BRACUL
|c GEN
|d 2022-09-11
|e Book Finder International
|g 3222.14
|l 5
|m 30
|o 006.35 ANT
|p 3010039662
|r 2025-06-17
|s 2025-05-25
|t 3
|v 3222.14
|w 2022-09-11
|y BK
|